| 000 | 00776nam a2200193 i 4500 | ||
|---|---|---|---|
| 001 | 48673 | ||
| 003 | ES-MaACL | ||
| 007 | t| | ||
| 008 | 931025s1894 sp ||||1| spa d | ||
| 040 |
_aAS _bspa _cPAB |
||
| 100 | 1 |
_aDíaz Ordóñez y Escandón, Víctor. _944373 |
|
| 245 | 1 | 0 |
_aDiscurso leido en la solemne apertura del curso académico de 1894 a 1895 / _cpor el doctor Víctor Díaz Ordóñez. |
| 260 |
_aOviedo : _b[s.n.], _c1894 ( _fEstablecimiento tipográfico de Vicente Brid) |
||
| 300 |
_a70 p. ; _c28 cm. |
||
| 500 | _aPrecede al tít.: Universidad Literaria de Oviedo. | ||
| 500 | _aTema del discurso: El cristianismo es la palabra que descifra el enigma del mundo antiguo. | ||
| 710 | 2 |
_aUniversidad Literaria de Oviedo. _97389 |
|
| 852 |
_aES-MaACL _jT-775-F-3 |
||
| 999 |
_c48673 _d48673 |
||